000
00310nam a22001457a 4500
008
221011b ||||| |||| 00| 0 eng d
020
_a
0815132697
041
_a
eng
080
_a
616.8
082
_a
616.8FOX
100
_a
12
101
_a
KANC
245
_a
TUMOURS OF THE OVARY
_c
FOX H
942
_2
udc
_c
BK
999
_c
58474
_d
58474